[Event "Eindhoven WLC op 12th"]
[Site "Eindhoven"]
[Date "2022.05.14"]
[Round "2"]
[White "Verhoeven, Robin"]
[Black "Hubers, Daan"]
[Result "1-0"]
[WhiteElo "1946"]
[BlackElo "1818"]
[PlyCount "76"]
[EventDate "2022.05.13"]
[EventType "swiss"]
[EventRounds "6"]
[EventCountry "NED"]
[SourceTitle "CBM 208 Extra"]
[Source "ChessBase"]
[SourceDate "2022.07.31"]
[SourceVersion "1"]
[SourceVersionDate "2022.07.31"]
[SourceQuality "1"]

1. e4 Nf6 2. e5 Ng8 3. d4 d6 4. f4 g6 5. Be3 Bg7 6. Nf3 dxe5 7. fxe5 e6 8. Nbd2 Nd7 9. Bc4 Ne7 10. Ne4 Nb6 11. Bb3 h6 12. Qd2 Bd7 13. Nc5 Qc8 14. c4 Bc6 15. 0-0 Nf5 16. Bf4 Bf8 17. Nd3 Qd7 18. d5 exd5 19. e6 fxe6 20. Nde5 Qg7 21. Nxc6 bxc6 22. Be5 Qh7 23. Bxh8 Qxh8 24. cxd5 cxd5 25. Rfe1 Bc5+ 26. Kh1 0-0-0 27. Qa5 Be3 28. g4 Bf2 29. Ne5 Rf8 30. Qa6+ Kd8 31. Nxg6 Qf6 32. Nxf8 Ng3+ 33. Kg2 Ne4 34. Rxe4 dxe4 35. Nxe6+ Ke7 36. Qe2 Bh4 37. Rf1 Qg6 38. Nc5 Qh7 1-0